Statistics for Busiest Airport by Letter

Click here to take the quiz!

General Stats

  • This quiz has been taken 117 times
    (47 since last reset)
  • The average score is 14 of 23

Answer Stats

LetterPassengers (2018) (with asterisk, 2011)Answer% Correct
A107,394,029Atlanta
93%
B100,983,290Beijing
80%
P72,229,723Paris
80%
T87,131,973Tokyo
76%
N61,909,148New York City
74%
L87,534,384Los Angeles
72%
D89,149,387Dubai
67%
S74,006,331Shanghai
65%
C83,339,186Chicago
63%
F69,510,269Frankfurt
63%
J66,908,159Jakarta
61%
X44,653,311Xi'an
61%
H74,517,402Hong Kong
57%
G69,769,497Guangzhou
54%
W23,056,291*Washington D.C.
54%
I68,192,683Istanbul
52%
M57,891,340Madrid
48%
R42,995,119Rome
48%
V27,037,292Vienna
43%
K59,959,000Kuala Lumpur
41%
O47,696,627Orlando
41%
Z24,283,941*Zurich
30%
E8,524,121Edmonton
26%

Score Distribution

Percentile by Number Answered

Percent of People with Each Score

Your Score History

You have not taken this quiz since the last reset